01183 2200361 4500001002100000005001500021035002000036007000300056008004100059020001800100082001100118084001600129084001400145100002200159245015000181250001200331300003800343650004000381650003500421700004200456700003000498700003000528700002300558700002300581700003600604700002900640264005200669336002100721337003000742338002300772990001300795990001300808INLIS00000000111910420220714085645 a0010-0722000097ta220714 0 ind  a9786233122351 a372.21 aD PDGK 4201 aPDGK 42010 aUdin SePengarang1 aPembelajaran PKN di SD /cUdin S, Winaputra Abdul Azis Wahab, Dadang Sundawa, Syaeful Mikdar, Rachmad, Sriyono, Nining Setyaningsih, Rani Darojah aedisi 2 a563 halaman :bilustrasi ;c27 cm 4aPendidikan Dasar -- Kewarganegaraan 4aBasic Education -- Citizenship0 aWinaputra Abdul Azis WahabePengarang0 aDadang SundawaePengarang0 aSyaeful MikdarePengarang0 aRachmadePengarang0 aSriyonoePengarang0 aNining SetyaningsihePenyunting0 aRani DarojahePenyunting aTangerang Selatan :bUniversitas Terbuka,c2021 2rdacontentaTeks 2rdamediaaTanpa Perantara 2rdacarrieraVolume a22/90120 a22/30120